| 000 | 01202pam a2200337 a 4500 | ||
|---|---|---|---|
| 001 | 1577185 | ||
| 003 | OSt | ||
| 005 | 20210811111906.0 | ||
| 008 | 930427s1993 nyua b 001 0 eng | ||
| 010 | _a 93001904 | ||
| 020 | _a0824790359 | ||
| 038 | _akhadija | ||
| 040 |
_aDLC _cDLC _dDLC |
||
| 050 | 0 | 0 |
_aTA660.S5 _bS65 1993 |
| 082 | 0 | 0 |
_a624.1776 _220 _bSOE |
| 100 | 1 |
_aSoedel, Werner, _d1936- _955151 |
|
| 245 | 1 | 0 |
_aVibrations of shells and plates / _cWerner Soedel. |
| 250 | _a2nd ed., rev. and expanded. | ||
| 260 |
_aNew York : _bMarcel Dekker, _cc1993. |
||
| 300 |
_axix, 470 p. : _bill. ; _c24 cm. |
||
| 440 |
_aVibrations of Shells and Plates _955152 |
||
| 490 | 1 |
_aMechanical engineering ; _v86 |
|
| 504 | _aIncludes bibliographical references and index. | ||
| 563 | _aHardcover | ||
| 650 | 0 |
_aShells (Engineering) _xVibration. _955155 |
|
| 650 | 0 |
_aPlates (Engineering) _xVibration. _955156 |
|
| 830 | 0 |
_aMechanical engineering (Marcel Dekker, Inc.) ; _v86. _936219 |
|
| 906 |
_a7 _bcbc _corignew _d1 _eocip _f19 _gy-gencatlg |
||
| 942 |
_2ddc _cBK |
||
| 999 |
_c31697 _d31697 |
||